| 000 | 00341cam a22001217a 4500 | ||
|---|---|---|---|
| 008 | 180718b1966 xxu||||| |||| 00| 0 eng d | ||
| 082 | _aPx54 D569 | ||
| 100 | _aDikshit, S.S. | ||
| 245 |
_aNationalism and Indian education _cby S.S. Dikshit |
||
| 260 |
_aDelhi _bSterling _c1966 |
||
| 300 | _a183p. | ||
| 650 | _aNationalism and education --India | ||
| 999 |
_c364050 _d364050 |
||